000 00397nam a2200133Ia 4500
008 230917s9999||||xx |||||||||||||| ||und||
040 _e92752
_aMAIN
041 _aEnglish
082 _a617.7 S23S
100 _aSharma, Ranjana
245 0 _aStudy of evaluate the results of six days versus three days post operative hospitalization following cataract extraction
300 _a68 p.
942 _cTH
999 _c74548
_d74548